Lecturas de metodología de las ciencias sociales /

5 notas

Sparad:
Bibliografiska uppgifter
Huvudupphovsman: Bengoechea, Sonia
Institutionell upphovsman: Universidad de San Carlos de Guatemala. Escuela de Ciencia Política. Instituto de Investigaciones Politicas y Sociales
Övriga upphovsmän: Cortés, Fernando Zemelman, Hugo Luengo, Enrique Marcos, Patricio Eisner, Elliot W. Friedrich, Walter Vetter, Berndt Tecla J., Alfredo de Schutter, Antón Aceves Lozano, Jorge E. Giglia, Angela Pensado Leglise, Patricia Camare
Materialtyp: Text
Publicerad: Guatemala: Foto publicaciones
Ämnen:
Taggar: Lägg till en tagg
Inga taggar, Lägg till första taggen!

MARC

LEADER 00000 a a2200000 04500
001 31629
003
040
090 |a 199118  
100 |a Bengoechea, Sonia  
110 |a Universidad de San Carlos de Guatemala. Escuela de Ciencia Política. Instituto de Investigaciones Politicas y Sociales.  
245 |a Lecturas de metodología de las ciencias sociales /  |c Sonia Bengoechea  
260 |a Guatemala:   |b Foto publicaciones  
300 |a 250 p.  
520 |a 5 notas  
650 |a INVESTIGACION SOCIAL  
650 |a METODOLOGIA  
700 |a Cortés, Fernando   |a Zemelman, Hugo   |a Luengo, Enrique   |a Marcos, Patricio   |a Eisner, Elliot W.   |a Friedrich, Walter   |a Vetter, Berndt   |a Tecla J., Alfredo   |a de Schutter, Antón   |a Aceves Lozano, Jorge E.   |a Giglia, Angela   |a Pensado Leglise, Patricia   |a Camare  
999 |c 10857  |d 10857